Online Catalogue and eLibrary

Tigerism : (Record no. 480)

MARC details
000 -LEADER
fixed length control field 00370nam a22001457a 4500
005 - DATE AND TIME OF LATEST TRANSACTION
control field 20240222062238.0
008 - FIXED-LENGTH DATA ELEMENTS--GENERAL INFORMATION
fixed length control field 240222b |||||||| |||| 00| 0 eng d
082 ## - DDC Classification
DDC Edition Number 22
Class No. 322.42.
Item Number - Author Mark TIG.
100 ## - MAIN ENTRY--PERSONAL NAME
Personal name Manikkalingam, Ram.
245 ## - TITLE STATEMENT
Title Tigerism :
Remainder of title Other Essays /
260 ## - PUBLICATION, DISTRIBUTION, ETC.
Place of publication, distribution, etc. Colombo ;
Name of publisher, distributor, etc. Ethnic Studies Group.
Date of publication, distribution, etc. 1995.
300 ## - PHYSICAL DESCRIPTION
Extent (e.g. Volumes, Pages etc.) 54, p.,
650 ## - SUBJECT ADDED ENTRY--TOPICAL TERM
Topical term or geographic name entry element Cultural.
942 ## - Koha item type (Biblio)
Koha item type Books in Stacks (Lending)
Holdings
Lost status Damaged status Collection code Home library Current library Date acquired Full call number Accession Number Item type
    Lending WERC Library WERC Library 02/22/2024 322.42. TIG. 5077 Books in Stacks (Lending)

© WERC Library